[Event "AUT-chT 1998/99"]
[Site "Dornbirn"]
[Date "1999.03.13"]
[Round "10.5"]
[White "Schneider_Zinner, Harald"]
[Black "Kotz, Heinz Peter"]
[Result "1-0"]
[WhiteElo "2300"]
[BlackElo "2265"]
[PlyCount "97"]
[EventDate "1998.11.13"]

1. Nf3 Nf6 2. d4 g6 3. Bg5 Bg7 4. Nbd2 O-O 5. c3 d6 6. e3 Qe8 7. Be2 e5 8. O-O
h6 9. Bh4 Nh7 10. dxe5 dxe5 11. e4 Nd7 12. Nc4 Nc5 13. Bg3 Be6 14. Qc2 f5 15.
Bxe5 fxe4 16. Nd4 Bxe5 17. Nxe5 Bf5 18. Nxf5 gxf5 19. f4 Nf6 20. Bc4+ Kh7 21.
Rad1 Ncd7 22. Nxd7 Nxd7 23. Rd5 c6 24. Rd6 b5 25. Rfd1 Nc5 26. Qf2 bxc4 27.
Qxc5 Qh5 28. Rd7+ Rf7 29. Qxc6 Raf8 30. Qxc4 Qg6 31. R1d6 Rxd7 32. Rxd7+ Kh8
33. Qd4+ Kg8 34. Qd5+ Kh8 35. Qe5+ Kg8 36. Rd6 Qh5 37. Qe6+ Rf7 38. Rd7 Kg7 39.
Qxf7+ Qxf7 40. Rxf7+ Kxf7 41. Kf2 h5 42. g3 Ke6 43. c4 a5 44. Ke3 Kd6 45. Kd4
Kc6 46. h3 a4 47. b4 a3 48. g4 fxg4 49. hxg4 1-0

[Event "AUT-chT 1998/99"]
[Site "Dornbirn"]
[Date "1999.03.13"]
[Round "10.6"]
[White "Poeltl, Thomas"]
[Black "Plank, Franz"]
[Result "1/2-1/2"]
[WhiteElo "2225"]
[BlackElo "2270"]
[PlyCount "92"]
[EventDate "1998.11.13"]

1. d4 d5 2. c4 e6 3. Nf3 c6 4. e3 Nf6 5. Nbd2 Ne4 6. Bd3 f5 7. Ne5 Qh4 8. O-O
Bd6 9. f4 Nd7 10. Ndf3 Qe7 11. Bd2 Nxd2 12. Qxd2 O-O 13. c5 Nxe5 14. Nxe5 Bxe5
15. fxe5 b6 16. Rfc1 Bb7 17. b4 b5 18. Rc2 a6 19. a4 Qg5 20. g3 h5 21. Qf2 Qe7
22. Rca2 g5 23. axb5 axb5 24. Rxa8 Rxa8 25. Rxa8+ Bxa8 26. Qe2 g4 27. Qa2 Bb7
28. Qa5 Qd7 29. Kg2 Kf7 30. h4 Kg7 31. Qa7 Qc7 32. Qa1 Bc8 33. Qa8 Kf7 34. Be2
Kg6 35. Qa1 Bd7 36. Qa8 Bc8 37. Qa3 Bd7 38. Kf2 Bc8 39. Ke1 Bd7 40. Kd2 Bc8 41.
Kc3 Kf7 42. Bd3 Ke8 43. Kb2 Ke7 44. Qa1 Kf7 45. Qf1 Kg6 46. Qf4 Qd8 1/2-1/2

[Event "AUT-chT 1998/99"]
[Site "Dornbirn"]
[Date "1999.03.13"]
[Round "10.4"]
[White "Freitag, Manfred"]
[Black "Bawart, Markus"]
[Result "1-0"]
[WhiteElo "2400"]
[BlackElo "2345"]
[PlyCount "97"]
[EventDate "1998.11.13"]

1. e4 e5 2. Nf3 Nf6 3. d4 Nxe4 4. Bd3 d5 5. Nxe5 Nd7 6. Nxd7 Bxd7 7. O-O Qh4 8.
c4 Bd6 9. g3 Qh3 10. c5 Bg4 11. Be2 Bxe2 12. Qxe2 Be7 13. Qb5+ Qd7 14. Qxb7 O-O
15. Nc3 Nf6 16. Bf4 Rfc8 17. Qb5 Qh3 18. f3 c6 19. Qe2 Re8 20. Qg2 Qf5 21. Be5
h5 22. h3 Nd7 23. g4 Qd3 24. Rad1 Qe3+ 25. Kh1 Nxe5 26. Rfe1 Nc4 27. Rxe3 Nxe3
28. Qd2 Nxd1 29. Qxd1 hxg4 30. hxg4 Bg5 31. Kg2 Re6 32. b4 a6 33. a4 Re3 34.
Qc2 Rae8 35. Kg3 Re1 36. b5 axb5 37. axb5 Rg1+ 38. Kh2 Rc1 39. Qb2 Bf4+ 40. Kg2
Ree1 41. Ne2 Rb1 42. Qc2 Bb8 43. bxc6 Rh1 44. f4 g6 45. Qa2 Kg7 46. Qxd5 Rhe1
47. Qa2 g5 48. d5 Bxf4 49. d6 1-0

[Event "AUT-chT 1998/99"]
[Site "Dornbirn"]
[Date "1999.03.13"]
[Round "10.5"]
[White "Loeffler, Stefan"]
[Black "Casagrande, Harald"]
[Result "1-0"]
[WhiteElo "2385"]
[BlackElo "2360"]
[PlyCount "79"]
[EventDate "1998.11.13"]

1. d4 g6 2. e4 c6 3. c4 d5 4. cxd5 cxd5 5. Nc3 dxe4 6. Bc4 Nf6 7. Qb3 e6 8.
Nge2 Nc6 9. d5 exd5 10. Nxd5 Nxd5 11. Bxd5 Qe7 12. Qc3 Ne5 13. Bxe4 Bg7 14. f4
f5 15. fxe5 fxe4 16. O-O Qxe5 17. Qa3 Qe7 18. Qxe7+ Kxe7 19. Bg5+ Kd6 20. Rad1+
Kc6 21. Rd2 b6 22. Rf7 Rg8 23. a4 Ba6 24. Bf4 Bd3 25. g3 a5 26. Nc1 g5 27. Nxd3
exd3 28. Rc7+ Kd5 29. Be3 Ke4 30. Bxb6 Be5 31. Rc4+ Kd5 32. b3 Ra6 33. Rxd3+
Ke6 34. Rc6+ Kf5 35. Rf3+ Ke4 36. Re3+ Kf5 37. Rxe5+ Kxe5 38. Bc7+ Ke4 39. Rxa6
Rc8 40. Rc6 1-0

[Event "AUT-chT 1998/99"]
[Site "Dornbirn"]
[Date "1999.03.13"]
[Round "10.2"]
[White "Hoelzl, Franz"]
[Black "Marciano, David"]
[Result "0-1"]
[WhiteElo "2410"]
[BlackElo "2525"]
[PlyCount "98"]
[EventDate "1998.11.13"]

1. d4 d5 2. c4 e6 3. Nf3 Nf6 4. Bg5 Be7 5. cxd5 exd5 6. e3 c6 7. Bd3 Na6 8. Nc3
Nc7 9. O-O Ne6 10. Qc2 g6 11. Bh6 Ng4 12. Bf4 Nxf4 13. exf4 Nh6 14. Rfe1 O-O
15. Ne2 Bb4 16. Red1 Bd6 17. g3 Re8 18. Nh4 Be7 19. Ng2 Nf5 20. g4 Nh4 21. Nxh4
Bxh4 22. h3 Qd6 23. Qd2 Bd8 24. Kg2 Bb6 25. Ng3 Bd7 26. f5 Bxd4 27. fxg6 hxg6
28. Bxg6 fxg6 29. Qxd4 c5 30. Ne4 cxd4 31. Nxd6 Re2 32. Nxb7 Rf8 33. Kg3 g5 34.
f3 Re3 35. Rf1 Bb5 36. Rf2 Be2 37. Nc5 d3 38. Nb3 Rb8 39. Rb1 Rc8 40. Nd4 Rc4
41. Nf5 Re5 42. b3 Rc2 43. Nd4 Rxa2 44. h4 gxh4+ 45. Kxh4 a5 46. Kg3 Re8 47.
Rd1 Bxd1 48. Rxa2 Bc2 49. Nxc2 Re2 0-1

[Event "AUT-chT 1998/99"]
[Site "Dornbirn"]
[Date "1999.03.13"]
[Round "10.4"]
[White "Titz, Heimo"]
[Black "Schroll, Gerhard"]
[Result "0-1"]
[WhiteElo "2305"]
[BlackElo "2400"]
[PlyCount "122"]
[EventDate "1998.11.13"]

1. c4 f5 2. Nf3 Nf6 3. g3 g6 4. Bg2 Bg7 5. O-O O-O 6. d4 d6 7. d5 Qe8 8. Nc3
Na6 9. Rb1 Bd7 10. Nd4 c6 11. dxc6 bxc6 12. b3 Rd8 13. e3 h6 14. Nde2 Qf7 15.
Bb2 Nc5 16. Qc2 e5 17. Rbd1 Qe7 18. Ba3 e4 19. Na4 Nb7 20. c5 d5 21. Bb2 g5 22.
Bd4 Qe8 23. Qc3 Qh5 24. f3 Rde8 25. Rf2 exf3 26. Bxf3 Qg6 27. Rdf1 Rf7 28. Nb2
Rfe7 29. Nd1 Nd8 30. b4 Nf7 31. Qb3 a6 32. Qa4 Ne5 33. Bxe5 Rxe5 34. Qxa6 Ne4
35. Bxe4 Rxe4 36. b5 f4 37. gxf4 Bh3 38. f5 Qf6 39. Ng3 Rg4 40. Re1 h5 41. Kh1
h4 42. Nf1 Qe5 43. Nd2 Rf8 44. bxc6 Rf4 45. c7 Bxf5 46. Qe2 Rxf2 47. Nxf2 Qxc7
48. Nf3 g4 49. Nxh4 g3 50. Nxf5 gxf2 51. Qxf2 Qe5 52. Rf1 Qe4+ 53. Qg2 Rxf5 54.
Qxe4 Rxf1+ 55. Kg2 dxe4 56. Kxf1 Kf7 57. a4 Ke6 58. a5 Bf8 59. c6 Kd6 60. Kf2
Bh6 61. h4 Kxc6 0-1

[Event "AUT-chT 1998/99"]
[Site "Dornbirn"]
[Date "1999.03.13"]
[Round "10.6"]
[White "Genser, Harald"]
[Black "Posch, Werner"]
[Result "1/2-1/2"]
[WhiteElo "2155"]
[BlackElo "2295"]
[PlyCount "62"]
[EventDate "1998.11.13"]

1. e4 Nf6 2. e5 Nd5 3. d4 d6 4. c4 Nb6 5. exd6 cxd6 6. Nc3 g6 7. Be3 Bg7 8. Rc1
O-O 9. b3 f5 10. Nf3 f4 11. Bd2 e5 12. dxe5 dxe5 13. Ne4 Bf5 14. Qc2 Nc6 15.
Bc3 Qe7 16. Bd3 Nb4 17. Bxb4 Qxb4+ 18. Qd2 Qxd2+ 19. Nfxd2 Rad8 20. Ke2 Kh8 21.
Rhd1 Rd4 22. f3 Rfd8 23. Bc2 Bf8 24. Nb1 Bb4 25. Rxd4 exd4 26. Rd1 Kg7 27. Bd3
Nd7 28. a3 Be7 29. Nf2 Bxd3+ 30. Nxd3 g5 31. Kd2 Bf6 1/2-1/2

[Event "AUT-chT 1998/99"]
[Site "Dornbirn"]
[Date "1999.03.13"]
[Round "10.2"]
[White "Kindermann, Stefan"]
[Black "Vogt, Lothar"]
[Result "1-0"]
[WhiteElo "2540"]
[BlackElo "2485"]
[PlyCount "123"]
[EventDate "1998.11.13"]

1. e4 c5 2. Nc3 Nc6 3. f4 g6 4. Nf3 Bg7 5. Bb5 Nd4 6. O-O e6 7. e5 a6 8. Bd3
Nxf3+ 9. Qxf3 d5 10. exd6 Nf6 11. b3 Qxd6 12. Bb2 O-O 13. Na4 Nd5 14. Bxg7 Kxg7
15. Be4 b5 16. Bxd5 exd5 17. Qc3+ d4 18. Qxc5 Rd8 19. Qxd6 Rxd6 20. Nc5 d3 21.
cxd3 Bf5 22. Rf3 Rd5 23. Rc1 a5 24. a3 b4 25. axb4 axb4 26. Rc4 Ra2 27. Ne4
Bxe4 28. Rxe4 Rxd2 29. Rxb4 Ra5 30. h4 h5 31. f5 Rxf5 32. Rxf5 gxf5 33. Rd4 Kf6
34. b4 Ke5 35. Rd8 Rb2 36. Rb8 Rd2 37. b5 Rxd3 38. b6 Rb3 39. Kf2 Kf4 40. b7
Rb2+ 41. Ke1 Rb1+ 42. Ke2 Rb2+ 43. Kd3 Rb3+ 44. Kc4 Rb1 45. Kd5 Rb6 46. Kc5 Rb2
47. Kc6 Rc2+ 48. Kd6 Rd2+ 49. Ke7 Rb2 50. Kxf7 Rb6 51. Ke7 Rb1 52. Ke6 Rb6+ 53.
Kd5 Rb1 54. g3+ Kf3 55. Ke5 Rb5+ 56. Kf6 Kg2 57. Rg8 Rxb7 58. Rg5 f4 59. gxf4+
Kh3 60. Kg6 Kxh4 61. f5 Rh7 62. f6 1-0

[Event "AUT-chT 1998/99"]
[Site "Dornbirn"]
[Date "1999.03.13"]
[Round "10.3"]
[White "Lehner, Oliver"]
[Black "Teske, Henrik"]
[Result "1/2-1/2"]
[WhiteElo "2415"]
[BlackElo "2510"]
[PlyCount "78"]
[EventDate "1998.11.13"]

1. Nf3 c5 2. e4 Nc6 3. Bb5 e6 4. O-O Nge7 5. Re1 a6 6. Bf1 g6 7. c3 d5 8. exd5
Nxd5 9. d4 cxd4 10. Nxd4 Bd7 11. c4 Nde7 12. Nc3 Bg7 13. Be3 O-O 14. Nb3 Nf5
15. Bc5 Bxc3 16. bxc3 Re8 17. f3 e5 18. Rb1 Qc7 19. Nd2 Re6 20. Bb6 Qc8 21. Ne4
Nb8 22. g4 Ng7 23. c5 Bc6 24. Ng5 Re7 25. Qd6 Qf8 26. Bd8 Re8 27. Bc7 Qxd6 28.
Bxd6 h6 29. Ne4 Nd7 30. Bc4 Ne6 31. Bxe6 Rxe6 32. Nd2 Rc8 33. Re3 b6 34. Rbe1
Nxc5 35. Bxc5 bxc5 36. Rxe5 Bd5 37. c4 Rxe5 38. Rxe5 Be6 39. Kf2 Kg7 1/2-1/2

[Event "AUT-chT 1998/99"]
[Site "Dornbirn"]
[Date "1999.03.13"]
[Round "10.5"]
[White "Ganaus, Hannes"]
[Black "Felsberger, Alfred"]
[Result "1-0"]
[WhiteElo "2225"]
[BlackElo "2395"]
[PlyCount "197"]
[EventDate "1998.11.13"]

1. d4 Nf6 2. c4 e6 3. Nc3 Bb4 4. g3 O-O 5. Bg2 d6 6. Qb3 c5 7. a3 Bxc3+ 8. bxc3
Nc6 9. Nf3 Na5 10. Qc2 Nxc4 11. Qd3 d5 12. O-O cxd4 13. cxd4 Bd7 14. Rb1 Bc6
15. h4 a6 16. Rb4 Rc8 17. Ne5 Bb5 18. Qd1 Nxe5 19. dxe5 Nd7 20. f4 Qc7 21. Be3
Qc2 22. Bf3 Qxd1 23. Rxd1 Rc3 24. Bd4 Rxa3 25. Rc1 Bc6 26. Kf2 Ra8 27. Rb2 f6
28. Bg4 f5 29. Bf3 Kf7 30. g4 Ra5 31. h5 Nf8 32. h6 g6 33. Rxb7+ Bxb7 34. Rc7+
Ke8 35. gxf5 Rb5 36. fxg6 hxg6 37. f5 Rc8 38. Rg7 exf5 39. e6 Bc6 40. Bf6 Rb7
41. e7 Rxe7 42. Rxe7+ Kd8 43. h7 Nxh7 44. Rxh7+ Ke8 45. Ra7 a5 46. Rxa5 Kf7 47.
Bd4 Ke6 48. Ra7 Bd7 49. Ra6+ Bc6 50. Kg3 g5 51. Ra1 Bb5 52. Rh1 Bc4 53. Rh6+
Kd7 54. Bh5 Ra8 55. Rh7+ Kd6 56. Rb7 Ra2 57. Rb6+ Kc7 58. Rb2 Rxb2 59. Bxb2 Kd6
60. Bf6 d4 61. Bxd4 Ke6 62. Kf2 Bb5 63. Bf3 Ba6 64. Bc6 Bc8 65. Ba4 Kf7 66.
Bb3+ Kg6 67. Bd5 Bd7 68. Be5 Bb5 69. Ke3 Bd7 70. Kd4 Bb5 71. e3 Ba4 72. Bc7 Bb5
73. Bb3 Bd7 74. Bc4 Bc6 75. Bd3 Bd7 76. Ke5 Bc8 77. Bc4 Bb7 78. Bd3 Bc8 79. Bb5
Kh5 80. Be2+ Kg6 81. Bf3 Bd7 82. Bd5 Bb5 83. Be6 Bd3 84. Bd7 Bc2 85. Bd6 Bd3
86. Be7 Bc2 87. Be8+ Kh6 88. Bf8+ Kh7 89. Bd7 Kg6 90. Be6 Bd3 91. Be7 Bc2 92.
Bc4 Be4 93. Kd4 Bc6 94. Bd3 Bd7 95. Ke5 Bc8 96. Bb5 Kh5 97. Bc6 Kg4 98. Bd5 Ba6
99. Kf6 1-0

[Event "AUT-chT 1998/99"]
[Site "Dornbirn"]
[Date "1999.03.13"]
[Round "10.6"]
[White "Watzka, Horst"]
[Black "Weissenbeck, Manuel"]
[Result "1-0"]
[WhiteElo "2365"]
[BlackElo "2200"]
[PlyCount "55"]
[EventDate "1998.11.13"]

1. e4 c5 2. Nf3 Nc6 3. Bb5 Nd4 4. Nxd4 cxd4 5. O-O a6 6. Bc4 e6 7. d3 b5 8. Bb3
Bb7 9. c3 Bc5 10. Nd2 Ne7 11. Qh5 d5 12. Re1 Qb6 13. exd5 exd5 14. Nf3 dxc3 15.
d4 Bb4 16. bxc3 Bxc3 17. Bg5 Bxe1 18. Rxe1 O-O 19. Bxe7 Rfe8 20. Bc2 h6 21. Qf5
g6 22. Qf4 Kg7 23. h4 Rec8 24. Bb3 a5 25. h5 a4 26. hxg6 Qxg6 27. Nh4 Qh5 28.
Bd1 1-0

[Event "AUT-chT 1998/99"]
[Site "Dornbirn"]
[Date "1999.03.13"]
[Round "10.2"]
[White "Atlas, Valery"]
[Black "Moser, Guenter"]
[Result "1/2-1/2"]
[WhiteElo "2470"]
[BlackElo "2355"]
[PlyCount "138"]
[EventDate "1998.11.13"]

1. e4 d5 2. exd5 Qxd5 3. Nc3 Qa5 4. d4 Nf6 5. Bc4 c6 6. Nf3 e6 7. Bd2 Qc7 8.
Qe2 Be7 9. O-O-O b5 10. Bd3 Nbd7 11. g4 b4 12. Nb1 Nd5 13. Ne5 Nxe5 14. dxe5
Qa5 15. c4 bxc3 16. Nxc3 Nb4 17. Bc4 Ba6 18. a3 Bxc4 19. Qxc4 Qa6 20. Qxa6 Nxa6
21. h4 Nc7 22. h5 h6 23. f4 Nd5 24. Ne4 f6 25. exf6 gxf6 26. g5 hxg5 27. fxg5
fxg5 28. Nxg5 Bxg5 29. Bxg5 O-O 30. Rde1 Rae8 31. Re5 Rf5 32. Rhe1 Rxe5 33.
Rxe5 Kf7 34. Bd2 Rh8 35. h6 Kf6 36. Re4 e5 37. Ra4 Kf5 38. Rxa7 Nf4 39. h7 Nd3+
40. Kc2 Nc5 41. Bc3 Ke6 42. Rg7 Nd7 43. Kb3 Nf6 44. Kc4 Nxh7 45. Kc5 Nf6 46.
Kxc6 Ne4 47. Bb4 Rh2 48. Re7+ Kf5 49. Rf7+ Ke6 50. Re7+ Kf5 51. b3 Rh3 52. a4
Rxb3 53. Rb7 Rb2 54. a5 Rc2+ 55. Kb6 Nf6 56. Kb5 Nd5 57. Bc5 Nc3+ 58. Ka6 Na4
59. Bb4 Nc5+ 60. Bxc5 Rxc5 61. Kb6 Rc1 62. a6 Rb1+ 63. Kc7 Rc1+ 64. Kb8 Ra1 65.
a7 e4 66. a8=Q Rxa8+ 67. Kxa8 e3 68. Re7 Kf4 69. Kb7 Kf3 1/2-1/2

[Event "AUT-chT 1998/99"]
[Site "Dornbirn"]
[Date "1999.03.13"]
[Round "10.4"]
[White "Feistenauer, Fred"]
[Black "Koenig, Dietrich"]
[Result "1/2-1/2"]
[WhiteElo "2300"]
[BlackElo "2315"]
[PlyCount "47"]
[EventDate "1998.11.13"]

1. e4 d5 2. Nc3 dxe4 3. Nxe4 Nd7 4. Bc4 e6 5. Nf3 Ngf6 6. Ng3 c5 7. d3 Bd6 8.
O-O O-O 9. Qe2 Qc7 10. Re1 a6 11. a4 b6 12. Bd2 Bb7 13. Bc3 Nd5 14. Bxd5 Bxd5
15. Nh5 f6 16. Ng3 Rfe8 17. Ne4 Bf8 18. Nfd2 Rad8 19. Qh5 e5 20. f4 g6 21. Qh4
f5 22. Ng5 h6 23. Nh3 exf4 24. Nxf4 1/2-1/2

[Event "AUT-chT 1998/99"]
[Site "Dornbirn"]
[Date "1999.03.13"]
[Round "10.6"]
[White "Gaertner, Guntram"]
[Black "Kranewitter, Norbert"]
[Result "1-0"]
[WhiteElo "2340"]
[BlackElo "2180"]
[PlyCount "61"]
[EventDate "1998.11.13"]

1. d4 d5 2. c4 c6 3. cxd5 cxd5 4. Nf3 Nc6 5. Nc3 Nf6 6. Ne5 e6 7. Nxc6 bxc6 8.
g3 Be7 9. Bg2 O-O 10. O-O c5 11. dxc5 Bxc5 12. Na4 Bd6 13. Be3 Qe7 14. Rc1 Bd7
15. Nc5 Rfc8 16. Nxd7 Qxd7 17. Qd2 Ng4 18. Bd4 Ne5 19. b3 Ng6 20. Bb2 f5 21.
Rfd1 Be5 22. Ba3 Bd6 23. Bxd5 Bxa3 24. Bxa8 Qe8 25. Rxc8 Qxc8 26. Qd8+ Qxd8 27.
Rxd8+ Nf8 28. Bc6 Kf7 29. Ra8 Bc5 30. b4 Bb6 31. a4 1-0

[Event "AUT-chT 1998/99"]
[Site "Dornbirn"]
[Date "1999.03.14"]
[Round "11.1"]
[White "Hickl, Joerg"]
[Black "Dizdar, Goran"]
[Result "1-0"]
[WhiteElo "2540"]
[BlackElo "2570"]
[PlyCount "83"]
[EventDate "1998.11.13"]

1. c4 c5 2. g3 g6 3. Bg2 Bg7 4. Nc3 Nc6 5. a3 b6 6. e3 Bb7 7. Nge2 Na5 8. Bxb7
Nxb7 9. O-O Nf6 10. e4 O-O 11. d3 e6 12. Rb1 d6 13. b4 Qd7 14. Bb2 Ne8 15. Re1
Nc7 16. d4 cxd4 17. Nxd4 Rfc8 18. Qd3 a6 19. Red1 Ne8 20. Nc2 Nd8 21. Ne3 Nc6
22. f4 Qb7 23. Ba1 Ne7 24. Rf1 Rd8 25. Rbe1 Rac8 26. g4 h6 27. Rd1 Qa8 28. Na4
Qb8 29. Bxg7 Nxg7 30. Nc3 Nc6 31. h4 Rc7 32. b5 axb5 33. cxb5 Ne7 34. f5 d5 35.
Ne2 exf5 36. exf5 gxf5 37. gxf5 Nh5 38. f6 Ng6 39. Qf5 Rc3 40. Qxh5 Rxe3 41.
Qxh6 Rg3+ 42. Kf2 1-0

[Event "AUT-chT 1998/99"]
[Site "Dornbirn"]
[Date "1999.03.14"]
[Round "11.3"]
[White "Topakian, Raffi"]
[Black "Duer, Arne"]
[Result "1-0"]
[WhiteElo "2335"]
[BlackElo "2375"]
[PlyCount "137"]
[EventDate "1998.11.13"]

1. e4 e6 2. d3 c5 3. Nf3 Nc6 4. g3 d5 5. Qe2 Nf6 6. Bg2 Be7 7. O-O O-O 8. e5
Ne8 9. c4 Nc7 10. Nc3 Rb8 11. Nb5 Nxb5 12. cxb5 Na5 13. Be3 b6 14. b4 cxb4 15.
Nd4 Bd7 16. f4 Bc5 17. Bh3 Qc7 18. Rac1 Rbc8 19. g4 Qb8 20. g5 Rfe8 21. Rb1 Nb7
22. Rf3 Bf8 23. Bf1 Rc3 24. Rh3 g6 25. Qg4 Qd8 26. Qh4 h6 27. Rxb4 Qe7 28. Rb2
Rec8 29. gxh6 Qxh4 30. Rxh4 Nc5 31. h7+ Kh8 32. f5 Nxd3 33. fxe6 Bxe6 34. Bxd3
Rxd3 35. Bg5 Bg7 36. Nc6 Bd7 37. Rf2 Rd1+ 38. Kg2 Bf5 39. Ne7 Rc4 40. Nxf5 gxf5
41. Rxf5 Rxh4 42. Bxh4 Rd2+ 43. Kf3 Rd3+ 44. Ke2 Rd4 45. Bg3 Ra4 46. Kd3 Kxh7
47. Rxf7 Kg6 48. Rd7 Bf8 49. e6 Re4 50. Rxd5 Rxe6 51. Rd7 Bc5 52. Rxa7 Kf5 53.
Rf7+ Kg4 54. Rc7 Re3+ 55. Kc4 Re4+ 56. Kd5 Rd4+ 57. Kc6 Ra4 58. Rh7 Rxa2 59.
Bc7 Ra7 60. Rh8 Bd4 61. Bxb6 Bxh8 62. Bxa7 Be5 63. Bg1 Kh3 64. b6 Kg2 65. Bc5
Bxh2 66. Bd6 Bg1 67. b7 Ba7 68. Kb5 Kf3 69. Ka6 1-0

[Event "AUT-chT 1998/99"]
[Site "Dornbirn"]
[Date "1999.03.14"]
[Round "11.4"]
[White "Duer, Werner"]
[Black "Grabher, Heinz"]
[Result "0-1"]
[WhiteElo "2310"]
[BlackElo "2285"]
[PlyCount "80"]
[EventDate "1998.11.13"]

1. d4 Nf6 2. Nf3 e6 3. c4 Bb4+ 4. Bd2 Qe7 5. g3 Nc6 6. Nc3 d5 7. cxd5 exd5 8.
Bg2 O-O 9. O-O Re8 10. e3 Bg4 11. h3 Bxf3 12. Qxf3 Bxc3 13. Bxc3 Ne4 14. Rfc1
Rad8 15. Be1 Rd6 16. Rc2 Rf6 17. Qg4 Re6 18. Rd1 Nd8 19. h4 c6 20. Qh3 h5 21.
a3 Rg6 22. Re2 Qc7 23. Qf5 Rh6 24. Rc1 Qe7 25. Bb4 Qe6 26. Qxe6 Nxe6 27. f3
Nxg3 28. Ree1 Nf5 29. Kf2 Nxh4 30. Bh1 g5 31. Rg1 Rf6 32. Rcf1 Kh7 33. Bd2 g4
34. f4 Nf5 35. b4 Nd6 36. a4 Ng7 37. b5 Ne4+ 38. Ke2 Nf5 39. Bxe4 Rxe4 40. Rc1
Nxd4+ 0-1

[Event "AUT-chT 1998/99"]
[Site "Dornbirn"]
[Date "1999.03.14"]
[Round "11.5"]
[White "Feistenauer, Fred"]
[Black "Gerhold, Michael"]
[Result "1/2-1/2"]
[WhiteElo "2300"]
[BlackElo "2265"]
[PlyCount "100"]
[EventDate "1998.11.13"]

1. e4 c5 2. Nf3 Nc6 3. Bb5 g6 4. O-O Bg7 5. Qe2 e5 6. Qc4 d6 7. b4 Be6 8. Qc3
Nf6 9. d3 O-O 10. Bxc6 cxb4 11. Qxb4 bxc6 12. Ba3 c5 13. Qd2 h6 14. c4 Nh5 15.
Nc3 f5 16. Kh1 f4 17. Nd5 g5 18. Ne1 Qd7 19. f3 Qf7 20. Qf2 Rab8 21. Nc2 Rb7
22. Rfb1 Rfb8 23. Rxb7 Rxb7 24. Ne1 Kh7 25. Qc2 g4 26. Rb1 g3 27. h3 Qd7 28.
Rxb7 Qxb7 29. Bc1 Bf6 30. Bd2 Bh4 31. Kg1 Qd7 32. Ba5 Bd8 33. Bc3 Bb6 34. Qb3
Qd8 35. Qb5 Bd7 36. Qb2 Ba5 37. Nc2 Bxc3 38. Qxc3 Qc8 39. Qb2 Kg7 40. Ne1 Nf6
41. Nxf6 Kxf6 42. Nc2 Ke7 43. Na3 Qa6 44. Nb1 Bc6 45. Nc3 Qa5 46. a3 Kd7 47.
Kf1 Kc7 48. Ke2 Qb6 49. Qxb6+ axb6 50. a4 Kd7 1/2-1/2

[Event "AUT-chT 1998/99"]
[Site "Dornbirn"]
[Date "1999.03.14"]
[Round "11.6"]
[White "Pilz, Dieter"]
[Black "Gaertner, Guntram"]
[Result "1/2-1/2"]
[WhiteElo "2260"]
[BlackElo "2340"]
[PlyCount "20"]
[EventDate "1998.11.13"]

1. e4 c5 2. Nc3 e6 3. Nf3 Nc6 4. Bb5 Nd4 5. a4 a6 6. Bc4 Ne7 7. Nxd4 cxd4 8.
Ne2 Nc6 9. d3 Bb4+ 10. c3 dxc3 1/2-1/2

[Event "AUT-chT 1998/99"]
[Site "Dornbirn"]
[Date "1999.03.14"]
[Round "11.2"]
[White "Moser, Guenter"]
[Black "Kindermann, Stefan"]
[Result "0-1"]
[WhiteElo "2355"]
[BlackElo "2540"]
[PlyCount "72"]
[EventDate "1998.11.13"]

1. d4 Nf6 2. c4 g6 3. Nc3 Bg7 4. e4 d6 5. f3 O-O 6. Be3 Nbd7 7. Qd2 c5 8. Nge2
a6 9. Rd1 Qa5 10. Nc1 cxd4 11. Bxd4 Ne5 12. Nb3 Qb4 13. Qc2 Nc6 14. Be3 Nd7 15.
Bd2 Qb6 16. Nd5 Qd8 17. Bg5 a5 18. a4 b6 19. Be3 Nc5 20. Nc1 f5 21. Be2 fxe4
22. O-O exf3 23. Bxf3 Bf5 24. Qe2 Ne5 25. b3 Rb8 26. Bg5 Rf7 27. Qe3 Qd7 28.
Be2 e6 29. Nc3 Bc2 30. Rd2 Rxf1+ 31. Bxf1 Bxb3 32. Nb5 Nxc4 33. Bxc4 Bxc4 34.
Nxd6 Bd5 35. Bf4 Rf8 36. Bg3 Qxa4 0-1

[Event "AUT-chT 1998/99"]
[Site "Dornbirn"]
[Date "1999.03.14"]
[Round "11.3"]
[White "Teske, Henrik"]
[Black "Grundherr, Martin"]
[Result "1-0"]
[WhiteElo "2510"]
[BlackElo "2335"]
[PlyCount "125"]
[EventDate "1998.11.13"]

1. d4 d5 2. c4 e6 3. Nf3 Nf6 4. g3 dxc4 5. Bg2 Nbd7 6. O-O Be7 7. Nbd2 O-O 8.
Nxc4 c5 9. b3 cxd4 10. Bb2 b5 11. Nxd4 Nd5 12. Nxb5 Ba6 13. Bxd5 exd5 14. Qxd5
Nb6 15. Qxd8 Raxd8 16. Ba3 Rfe8 17. Bxe7 Rxe7 18. Nxa7 Rxa7 19. Nxb6 Bxe2 20.
Rfc1 h5 21. Rc8 Rxc8 22. Nxc8 Ra6 23. Ne7+ Kf8 24. Nf5 Bd3 25. Ne3 f5 26. h4
Be4 27. a4 Rb6 28. Ra3 Ke7 29. a5 Rb5 30. a6 Kd6 31. a7 Ba8 32. Ra5 Rxa5 33.
Nc4+ Kc5 34. Nxa5 Kb6 35. Nc4+ Kxa7 36. f4 Ka6 37. Kf2 Kb5 38. Nd6+ Kb4 39.
Nxf5 g6 40. Nd4 Kc3 41. Ke3 Bd5 42. f5 gxf5 43. Nxf5 Bxb3 44. Ng7 Bd1 45. Kf4
Kd4 46. Kg5 Ke5 47. Nxh5 Ke6 48. Nf4+ Kf7 49. Nd5 Kg7 50. Kf5 Bc2+ 51. Kf4 Bb1
52. g4 Bc2 53. h5 Bd3 54. Ne7 Be2 55. Nf5+ Kh7 56. Ng3 Bd1 57. Kf5 Kg7 58. Ne4
Bc2 59. Ke5 Bd1 60. Nf6 Bc2 61. g5 Bd3 62. Ne8+ Kf8 63. Kf6 1-0

[Event "AUT-chT 1998/99"]
[Site "Dornbirn"]
[Date "1999.03.14"]
[Round "11.4"]
[White "Koenig, Dietrich"]
[Black "Stanec, Nikolaus"]
[Result "0-1"]
[WhiteElo "2315"]
[BlackElo "2495"]
[PlyCount "40"]
[EventDate "1998.11.13"]

1. d4 Nf6 2. Nf3 g6 3. Bg5 Bg7 4. Nbd2 O-O 5. e4 d5 6. exd5 Nxd5 7. c3 b6 8.
Bc4 Bb7 9. O-O Nd7 10. Re1 Re8 11. Qb3 Nf8 12. a4 a6 13. Bh4 f6 14. Bg3 Kh8 15.
Re2 e6 16. Rae1 Qd7 17. Qa3 g5 18. h4 g4 19. Nh2 f5 20. Be5 Bxe5 0-1

[Event "AUT-chT 1998/99"]
[Site "Dornbirn"]
[Date "1999.03.14"]
[Round "11.5"]
[White "Watzka, Horst"]
[Black "Neuschmied, Siegfried"]
[Result "1-0"]
[WhiteElo "2365"]
[BlackElo "2200"]
[PlyCount "81"]
[EventDate "1998.11.13"]

1. e4 d6 2. d4 Nf6 3. Nc3 g6 4. Nf3 Bg7 5. Be2 O-O 6. O-O c6 7. a4 a5 8. h3 Na6
9. Be3 Nb4 10. Qd2 d5 11. e5 Ne8 12. Nd1 f6 13. c3 Na6 14. Bh6 Nac7 15. Bd3 Ne6
16. Re1 N8c7 17. Bxg7 Kxg7 18. Nh2 fxe5 19. Rxe5 Nf4 20. Qe3 Rf7 21. Nf3 h6 22.
Kh2 Qd6 23. Ng1 Nxd3 24. Qxd3 Bf5 25. Qg3 Raf8 26. Re2 Qxg3+ 27. Kxg3 Be4 28.
Ne3 h5 29. h4 Ne6 30. f3 Bd3 31. Rd2 Nf4 32. Nd1 Bc4 33. Nf2 Rf5 34. Re1 Kf6
35. Kh2 e5 36. g4 hxg4 37. fxg4 Rh8 38. gxf5 Rxh4+ 39. Kg3 g5 40. Ng4+ Kxf5 41.
Rxe5+ 1-0

[Event "AUT-chT 1998/99"]
[Site "Dornbirn"]
[Date "1999.03.14"]
[Round "11.1"]
[White "Horvath, Csaba"]
[Black "Vogt, Lothar"]
[Result "1/2-1/2"]
[WhiteElo "2540"]
[BlackElo "2485"]
[PlyCount "34"]
[EventDate "1998.11.13"]

1. d4 Nf6 2. c4 d6 3. Nc3 Nbd7 4. Nf3 g6 5. Bg5 Bg7 6. e3 h6 7. Bh4 O-O 8. Bd3
e5 9. O-O c6 10. Nd2 Qb6 11. Qc2 Re8 12. a3 exd4 13. Na4 Qc7 14. exd4 Nf8 15.
Nc3 Ne6 16. Bxg6 Nxd4 17. Qd3 Ng4 1/2-1/2

[Event "AUT-chT 1998/99"]
[Site "Dornbirn"]
[Date "1999.03.14"]
[Round "11.2"]
[White "Lehner, Oliver"]
[Black "Hoelzl, Franz"]
[Result "1/2-1/2"]
[WhiteElo "2415"]
[BlackElo "2410"]
[PlyCount "127"]
[EventDate "1998.11.13"]

1. Nf3 d5 2. d4 Nf6 3. c4 e6 4. g3 dxc4 5. Bg2 a6 6. O-O b5 7. Ne5 Nd5 8. a4
Bb7 9. b3 c3 10. e4 b4 11. exd5 Bxd5 12. Be3 Bxg2 13. Kxg2 Qd5+ 14. Qf3 Bd6 15.
Rc1 Nd7 16. Qxd5 exd5 17. Nd3 Nf8 18. Bf4 a5 19. Bxd6 cxd6 20. Nf4 Ne6 21. Nxd5
O-O 22. Nbxc3 bxc3 23. Rxc3 Nxd4 24. Rd1 Ne6 25. Ne7+ Kh8 26. Rxd6 g6 27. Rd5
Ra6 28. Rb5 Kg7 29. Rc4 Rfa8 30. Nd5 Rd6 31. Ne3 Ra7 32. Rc8 Nd4 33. Rbb8 h5
34. h4 Kf6 35. Rc5 Ne6 36. Rd5 Rxd5 37. Nxd5+ Ke5 38. Ne3 Nd4 39. Rb6 Ke4 40.
b4 Nb3 41. bxa5 Nxa5 42. Rd6 Nb3 43. Rf6 Nd4 44. Rf4+ Kd3 45. Nd5 Ne6 46. Rb4
Nc5 47. Nb6 Ra6 48. Rb5 Nxa4 49. Nxa4 Rxa4 50. Rb7 Ke4 51. Rxf7 Ke5 52. Kf3
Ra3+ 53. Ke2 Ra2+ 54. Kd3 Ra3+ 55. Ke2 Ra2+ 56. Kf1 Ra1+ 57. Kg2 Ra2 58. Rb7
Ra3 59. Rb6 Kf5 60. f3 Ra2+ 61. Kh3 Ra3 62. Rb5+ Kf6 63. Rb8 Kg7 64. Kg2
1/2-1/2